[Event "Women's Baku Chess Olympiad"]
[Site "chess24.com"]
[Date "2016.09.10"]
[Round "8"]
[White "Varona-Thomas, Maria"]
[Black "Mwango , Lorita"]
[Result "0-1"]
[Board "1"]
[WhiteID "19700288"]
[WhiteElo "1775"]
[WhiteTitle "WCM"]
[WhiteCountry "GUY"]
[WhiteFideId "19700288"]
[WhiteEloChange "-6"]
[BlackID "8700478"]
[BlackElo "1935"]
[BlackTitle "WFM"]
[BlackCountry "ZAM"]
[BlackFideId "8700478"]
[BlackEloChange "6"]

1. d4 {[%clk 1:30:58]} d5 {[%clk 1:30:54]} 2. Nf3 {[%clk 1:31:22]} Nf6 {[%clk
1:31:11]} 3. Bg5 {[%clk 1:31:44]} Bf5 {[%clk 1:30:40]} 4. e3 {[%clk 1:30:15]} e6
{[%clk 1:30:58]} 5. Nh4 {[%clk 1:08:11]} Bg6 {[%clk 1:30:54]} 6. Nxg6 {[%clk
1:08:21]} hxg6 {[%clk 1:31:23]} 7. Nd2 {[%clk 1:06:02]} Be7 {[%clk 1:31:34]} 8.
Bd3 {[%clk 1:06:10]} Nbd7 {[%clk 1:31:39]} 9. f4 {[%clk 1:03:09]} c6 {[%clk
1:30:36]} 10. c3 {[%clk 1:02:32]} Qb6 {[%clk 1:25:36]} 11. Qb3 {[%clk 0:46:55]}
Qxb3 {[%clk 1:24:42]} 12. axb3 {[%clk 0:47:06]} a6 {[%clk 1:24:52]} 13. b4 {[%clk
0:46:01]} O-O-O {[%clk 1:25:02]} 14. Ke2 {[%clk 0:39:40]} Rde8 {[%clk 1:22:15]}
15. g3 {[%clk 0:30:06]} Bd6 {[%clk 1:19:26]} 16. e4 {[%clk 0:26:10]} dxe4 {[%clk
1:17:46]} 17. Nxe4 {[%clk 0:26:31]} Nxe4 {[%clk 1:17:44]} 18. Bxe4 {[%clk
0:26:59]} Nb6 {[%clk 1:17:01]} 19. Kf3 {[%clk 0:19:03]} Nc4 {[%clk 1:16:42]} 20.
Bd3 {[%clk 0:16:55]} Nb6 {[%clk 1:10:49]} 21. Rae1 {[%clk 0:15:58]} Nd7 {[%clk
1:07:34]} 22. Re2 {[%clk 0:16:05]} Nf8 {[%clk 1:07:58]} 23. Rhe1 {[%clk 0:16:13]}
Kd7 {[%clk 1:08:06]} 24. f5 {[%clk 0:15:56]} gxf5 {[%clk 1:07:47]} 25. Bxf5
{[%clk 0:16:03]} Rh5 {[%clk 1:07:33]} 26. Kg4 {[%clk 0:15:55]} g6 {[%clk
1:05:33]} 27. Bxg6 {[%clk 0:09:40]} fxg6 {[%clk 1:05:39]} 28. h4 {[%clk 0:08:23]}
Nh7 {[%clk 1:05:07]} 29. Rf2 {[%clk 0:07:55]} Nxg5 {[%clk 1:05:13]} 30. hxg5
{[%clk 0:08:19]} Be7 {[%clk 1:05:11]} 31. Rf7 {[%clk 0:08:04]} Rxg5+ {[%clk
1:05:02]} 32. Kf4 {[%clk 0:08:16]} Rf5+ {[%clk 1:05:01]} 33. Rxf5 {[%clk
0:08:37]} gxf5 {[%clk 1:05:20]} 34. g4 {[%clk 0:08:37]} Bd6+ {[%clk 1:05:39]} 35.
Kf3 {[%clk 0:08:20]} fxg4+ {[%clk 1:06:00]} 36. Kxg4 {[%clk 0:08:46]} Rf8 {[%clk
1:06:07]} 37. Re2 {[%clk 0:08:50]} Rf4+ {[%clk 1:05:39]} 38. Kg5 {[%clk 0:09:05]}
Rf1 {[%clk 1:06:06]} 39. Kg4 {[%clk 0:07:31]} b6 {[%clk 1:05:01]} 40. Rc2 {[%clk
0:36:10]} Rf4+ {[%clk 1:33:36]} 41. Kg5 {[%clk 0:36:28]} Rf5+ {[%clk 1:33:57]}
42. Kg4 {[%clk 0:36:30]} c5 {[%clk 1:34:03]} 43. dxc5 {[%clk 0:35:06]} bxc5
{[%clk 1:34:22]} 44. bxc5 {[%clk 0:34:49]} Bxc5 {[%clk 1:34:45]} 45. b4 {[%clk
0:33:35]} Bb6 {[%clk 1:32:47]} 46. c4 {[%clk 0:33:05]} Bc7 {[%clk 1:32:49]} 47.
Rc1 {[%clk 0:31:12]} Rf4+ {[%clk 1:31:01]} 48. Kg5 {[%clk 0:27:36]} e5 {[%clk
1:31:18]} 49. b5 {[%clk 0:25:26]} axb5 {[%clk 1:31:28]} 50. cxb5 {[%clk 0:25:41]}
Rb4 {[%clk 1:31:55]} 51. Kf5 {[%clk 0:23:45]} Rxb5 {[%clk 1:32:12]} 52. Ke4
{[%clk 0:24:06]} Rb4+ {[%clk 1:32:07]} 53. Ke3 {[%clk 0:23:35]} Bb6+ {[%clk
1:32:19]} 54. Ke2 {[%clk 0:23:28]} Kd6 {[%clk 1:32:30]} 55. Rd1+ {[%clk 0:20:41]}
Bd4 {[%clk 1:32:57]} 56. Rh1 {[%clk 0:17:27]} Kd5 {[%clk 1:33:13]} 57. Rh7 {[%clk
0:15:47]} Rb3 {[%clk 1:33:32]} 58. Rh5 {[%clk 0:14:01]} Re3+ {[%clk 1:30:57]} 59.
Kd2 {[%clk 0:14:10]} Rf3 {[%clk 1:31:20]} 60. Ke2 {[%clk 0:14:00]} Ke4 {[%clk
1:31:09]} 61. Rh4+ {[%clk 0:14:09]} Rf4 {[%clk 1:31:34]} 62. Rh3 {[%clk 0:14:00]}
Rf2+ {[%clk 1:31:46]} 63. Ke1 {[%clk 0:14:02]} Ra2 {[%clk 1:32:07]} 64. Kf1
{[%clk 0:12:22]} Be3 {[%clk 1:32:18]} 65. Rh5 {[%clk 0:10:36]} Bf4 {[%clk
1:30:52]} 66. Rh3 {[%clk 0:10:46]} Kf5 {[%clk 1:30:54]} 67. Rb3 {[%clk 0:09:52]}
e4 {[%clk 1:31:04]} 68. Rb4 {[%clk 0:09:52]} e3 {[%clk 1:31:04]} 69. Rb5+ {[%clk
0:05:30]} Kg4 {[%clk 1:31:28]} 70. Rb4 {[%clk 0:05:30]} Kf3 {[%clk 1:31:28]} 71.
Rb1 {[%clk 0:03:31]} Bh2 {[%clk 1:31:22]} 72. Ke1 {[%clk 0:02:59]} Rg2 {[%clk
1:30:57]} 0-1

[Event "Women's Baku Chess Olympiad"]
[Site "chess24.com"]
[Date "2016.09.10"]
[Round "8"]
[White "Hamoonga, Linda Banti"]
[Black "Clementson, Jessica"]
[Result "1-0"]
[Board "2"]
[WhiteID "8700648"]
[WhiteElo "1783"]
[WhiteTitle "WCM"]
[WhiteCountry "ZAM"]
[WhiteFideId "8700648"]
[WhiteEloChange "2"]
[BlackID "19700210"]
[BlackElo "1233"]
[BlackCountry "GUY"]
[BlackFideId "19700210"]
[BlackEloChange "-2"]

1. d4 {[%clk 1:30:59]} d5 {[%clk 1:30:44]} 2. c4 {[%clk 1:31:19]} e6 {[%clk
1:31:01]} 3. Nc3 {[%clk 1:31:33]} Nf6 {[%clk 1:31:22]} 4. Nf3 {[%clk 1:31:52]}
Be7 {[%clk 1:31:44]} 5. Bf4 {[%clk 1:31:46]} O-O {[%clk 1:31:03]} 6. e3 {[%clk
1:31:31]} b6 {[%clk 1:31:14]} 7. Be2 {[%clk 1:29:47]} dxc4 {[%clk 1:29:17]} 8.
Bxc4 {[%clk 1:30:06]} Bb7 {[%clk 1:29:36]} 9. O-O {[%clk 1:29:34]} Nbd7 {[%clk
1:25:56]} 10. h3 {[%clk 1:24:34]} Rc8 {[%clk 1:17:29]} 11. Qe2 {[%clk 1:24:17]}
c5 {[%clk 1:06:14]} 12. Ba6 {[%clk 1:16:41]} Bxa6 {[%clk 1:06:01]} 13. Qxa6
{[%clk 1:17:06]} Ra8 {[%clk 1:05:29]} 14. Nb5 {[%clk 1:14:59]} Nd5 {[%clk
0:55:00]} 15. Bg3 {[%clk 1:14:17]} Nb4 {[%clk 0:46:34]} 16. Qb7 {[%clk 1:09:15]}
a6 {[%clk 0:33:56]} 17. Na7 {[%clk 1:05:20]} Nf6 {[%clk 0:26:03]} 18. a3 {[%clk
1:01:31]} Nbd5 {[%clk 0:19:32]} 19. Nc6 {[%clk 0:58:32]} Qe8 {[%clk 0:12:57]} 20.
Nxe7+ {[%clk 0:57:39]} Qxe7 {[%clk 0:12:30]} 21. Qxe7 {[%clk 0:57:58]} Nxe7
{[%clk 0:12:41]} 22. dxc5 {[%clk 0:56:33]} bxc5 {[%clk 0:10:38]} 23. Bd6 {[%clk
0:56:48]} Rfe8 {[%clk 0:09:42]} 24. Bxc5 {[%clk 0:57:10]} Rac8 {[%clk 0:08:50]}
25. Rac1 {[%clk 0:55:09]} Ned5 {[%clk 0:06:16]} 26. b4 {[%clk 0:49:39]} Ne4
{[%clk 0:04:00]} 27. Bd4 {[%clk 0:48:14]} h6 {[%clk 0:03:51]} 28. Ne5 {[%clk
0:45:39]} Nec3 {[%clk 0:02:48]} 29. Bxc3 {[%clk 0:42:47]} Nxc3 {[%clk 0:03:05]}
30. Rc2 {[%clk 0:38:25]} f6 {[%clk 0:02:48]} 31. Nd3 {[%clk 0:36:43]} Ne4 {[%clk
0:02:03]} 32. Rfc1 {[%clk 0:32:52]} Rxc2 {[%clk 0:01:57]} 33. Rxc2 {[%clk
0:33:19]} e5 {[%clk 0:01:39]} 34. Kf1 {[%clk 0:18:55]} Rd8 {[%clk 0:01:12]} 35.
Ke2 {[%clk 0:18:52]} Kh7 {[%clk 0:00:48]} 36. Nc5 {[%clk 0:18:13]} Nxc5 {[%clk
0:00:43]} 37. Rxc5 {[%clk 0:18:17]} Rd6 {[%clk 0:00:37]} 38. f3 {[%clk 0:15:57]}
Kg6 {[%clk 0:00:31]} 39. a4 {[%clk 0:16:18]} h5 {[%clk 0:00:32]} 40. b5 {[%clk
0:45:04]} axb5 {[%clk 0:30:51]} 41. axb5 {[%clk 0:45:24]} Rb6 {[%clk 0:30:36]}
42. e4 {[%clk 0:45:19]} Kf7 {[%clk 0:29:23]} 43. Kd3 {[%clk 0:44:55]} Ke8 {[%clk
0:28:11]} 44. Kc4 {[%clk 0:44:28]} Kd7 {[%clk 0:27:48]} 45. Rd5+ {[%clk 0:44:24]}
Kc7 {[%clk 0:26:06]} 46. Kc5 {[%clk 0:42:47]} Re6 {[%clk 0:20:40]} 47. Rd2 {[%clk
0:41:41]} h4 {[%clk 0:20:20]} 48. Ra2 {[%clk 0:38:59]} Kb7 {[%clk 0:20:14]} 49.
Ra6 {[%clk 0:29:14]} Re8 {[%clk 0:14:36]} 50. Rc6 {[%clk 0:29:01]} Rd8 {[%clk
0:12:45]} 51. b6 {[%clk 0:28:03]} Rd7 {[%clk 0:11:03]} 52. Re6 {[%clk 0:27:40]}
Rf7 {[%clk 0:07:14]} 53. Re8 {[%clk 0:26:47]} g5 {[%clk 0:03:45]} 54. Re6 {[%clk
0:26:17]} Kc8 {[%clk 0:01:06]} 1-0

[Event "Women's Baku Chess Olympiad"]
[Site "chess24.com"]
[Date "2016.09.10"]
[Round "8"]
[White "Leboela, Maboloko"]
[Black "Shahudha, Mohammed"]
[Result "1-0"]
[Board "1"]
[WhiteID "21300119"]
[WhiteElo "1406"]
[WhiteCountry "LES"]
[WhiteFideId "21300119"]
[WhiteEloChange "2"]
[BlackID "16700198"]
[BlackElo "1022"]
[BlackCountry "MDV"]
[BlackFideId "16700198"]
[BlackEloChange "-2"]

1. e4 {[%clk 1:30:47]} e5 {[%clk 1:30:54]} 2. Nf3 {[%clk 1:31:03]} Nc6 {[%clk
1:31:17]} 3. Bb5 {[%clk 1:30:34]} d6 {[%clk 1:30:58]} 4. O-O {[%clk 1:26:46]} Nf6
{[%clk 1:31:16]} 5. d3 {[%clk 1:26:35]} Be7 {[%clk 1:29:07]} 6. h3 {[%clk
1:25:47]} O-O {[%clk 1:29:19]} 7. Bxc6 {[%clk 1:26:10]} bxc6 {[%clk 1:29:04]} 8.
Nc3 {[%clk 1:26:35]} Bb7 {[%clk 1:26:02]} 9. Bg5 {[%clk 1:26:30]} d5 {[%clk
1:25:37]} 10. Nxe5 {[%clk 1:23:44]} Qd6 {[%clk 1:22:41]} 11. f4 {[%clk 1:19:38]}
h6 {[%clk 1:19:24]} 12. Bxf6 {[%clk 1:17:07]} Bxf6 {[%clk 1:19:45]} 13. Ng4
{[%clk 1:16:38]} Qc5+ {[%clk 1:17:36]} 14. Kh1 {[%clk 1:11:21]} Bxc3 {[%clk
1:17:33]} 15. bxc3 {[%clk 1:11:13]} Qxc3 {[%clk 1:17:53]} 16. Rb1 {[%clk
1:11:29]} Rae8 {[%clk 1:15:30]} 17. Rxb7 {[%clk 1:11:33]} dxe4 {[%clk 1:14:38]}
18. dxe4 {[%clk 1:11:27]} Rxe4 {[%clk 1:13:38]} 19. Qd3 {[%clk 1:11:04]} Qxd3
{[%clk 1:11:55]} 20. cxd3 {[%clk 1:11:27]} Re2 {[%clk 1:11:38]} 21. Rxa7 {[%clk
1:11:45]} Re7 {[%clk 1:10:23]} 22. a4 {[%clk 1:12:01]} Rd8 {[%clk 1:09:28]} 23.
Ne5 {[%clk 1:11:57]} c5 {[%clk 1:08:58]} 24. Nc6 {[%clk 1:12:19]} Rde8 {[%clk
1:07:13]} 25. Nxe7+ {[%clk 1:12:40]} Rxe7 {[%clk 1:07:30]} 26. Rc1 {[%clk
1:13:04]} Kh7 {[%clk 1:06:23]} 27. Rxc5 {[%clk 1:13:25]} Kg6 {[%clk 1:04:51]} 28.
Rcxc7 {[%clk 1:13:47]} Re3 {[%clk 1:03:48]} 29. Rxf7 {[%clk 1:14:03]} Kh5 {[%clk
1:03:09]} 30. Rxg7 {[%clk 1:13:22]} Kh4 {[%clk 1:02:19]} 31. Rg4+ {[%clk
1:13:37]} Kh5 {[%clk 1:01:56]} 32. Ra5+ {[%clk 1:14:03]} Re5 {[%clk 1:01:49]} 33.
Rxe5# {[%clk 1:14:21]} 1-0

[Event "Women's Baku Chess Olympiad"]
[Site "chess24.com"]
[Date "2016.09.10"]
[Round "8"]
[White "Almeraj, Etedal"]
[Black "Diaz, Maria M.A."]
[Result "0-1"]
[Board "1"]
[WhiteID "10301283"]
[WhiteElo "1072"]
[WhiteCountry "KUW"]
[WhiteFideId "10301283"]
[WhiteEloChange "-2"]
[BlackID "7500114"]
[BlackElo "1928"]
[BlackTitle "WFM"]
[BlackCountry "ARU"]
[BlackFideId "7500114"]
[BlackEloChange "2"]

1. d4 {[%clk 1:30:30]} d5 {[%clk 1:30:30]} 2. Nf3 {[%clk 1:30:33]} e6 {[%clk
1:30:42]} 3. e3 {[%clk 1:30:41]} Nf6 {[%clk 1:31:02]} 4. Be2 {[%clk 1:30:47]} c5
{[%clk 1:31:07]} 5. O-O {[%clk 1:29:49]} Nc6 {[%clk 1:31:30]} 6. Nbd2 {[%clk
1:29:04]} Bd7 {[%clk 1:28:33]} 7. b3 {[%clk 1:27:28]} Rc8 {[%clk 1:28:09]} 8. Bb2
{[%clk 1:25:34]} cxd4 {[%clk 1:23:22]} 9. c4 {[%clk 1:20:08]} dxe3 {[%clk
1:23:11]} 10. fxe3 {[%clk 1:19:54]} Ng4 {[%clk 1:18:32]} 11. Qc1 {[%clk 1:15:34]}
Nxe3 {[%clk 1:17:33]} 12. Re1 {[%clk 1:14:56]} Qb6 {[%clk 1:14:08]} 13. Kh1
{[%clk 1:08:35]} Ng4 {[%clk 1:14:19]} 14. Rf1 {[%clk 1:04:58]} Nf2+ {[%clk
1:13:53]} 15. Rxf2 {[%clk 1:02:04]} Qxf2 {[%clk 1:13:55]} 16. Qf1 {[%clk
1:02:23]} Qxf1+ {[%clk 1:13:31]} 17. Bxf1 {[%clk 1:02:36]} Nb4 {[%clk 1:09:46]}
18. Ne5 {[%clk 0:57:16]} Nc2 {[%clk 1:03:08]} 19. Rc1 {[%clk 0:54:17]} Ne3 {[%clk
1:00:49]} 20. Bd3 {[%clk 0:52:31]} dxc4 {[%clk 0:56:55]} 21. bxc4 {[%clk
0:50:49]} Bb4 {[%clk 0:50:32]} 22. Ne4 {[%clk 0:47:57]} Bc6 {[%clk 0:48:42]} 23.
Nxc6 {[%clk 0:42:01]} Rxc6 {[%clk 0:48:24]} 24. a3 {[%clk 0:40:56]} Be7 {[%clk
0:47:23]} 25. Bxg7 {[%clk 0:38:10]} Rg8 {[%clk 0:47:31]} 26. Bd4 {[%clk 0:37:50]}
Ng4 {[%clk 0:40:12]} 27. Be2 {[%clk 0:35:45]} f5 {[%clk 0:39:02]} 28. Nd2 {[%clk
0:33:43]} Bxa3 {[%clk 0:38:49]} 29. Rc3 {[%clk 0:33:27]} Bb4 {[%clk 0:36:42]} 30.
Bf3 {[%clk 0:30:44]} Rd6 {[%clk 0:36:38]} 31. Rd3 {[%clk 0:29:43]} Nf2+ {[%clk
0:36:53]} 32. Bxf2 {[%clk 0:29:13]} Rxd3 {[%clk 0:37:18]} 33. Be1 {[%clk
0:28:54]} Bxd2 {[%clk 0:37:34]} 34. Be2 {[%clk 0:28:27]} Ra3 {[%clk 0:37:20]} 35.
Bf2 {[%clk 0:28:13]} Ra1+ {[%clk 0:37:46]} 36. Bg1 {[%clk 0:28:34]} Be3 {[%clk
0:38:07]} 37. Bf1 {[%clk 0:28:42]} Rxf1 {[%clk 0:38:21]} 38. h3 {[%clk 0:28:41]}
Rxg1+ {[%clk 0:38:45]} 39. Kh2 {[%clk 0:29:05]} R8xg2# {[%clk 0:39:07]} 0-1

[Event "Women's Baku Chess Olympiad"]
[Site "chess24.com"]
[Date "2016.09.10"]
[Round "8"]
[White "Arbona Avila, Zaily M."]
[Black "Bekheet, Suhailah"]
[Result "1-0"]
[Board "2"]
[WhiteID "15900053"]
[WhiteElo "1535"]
[WhiteTitle "WCM"]
[WhiteCountry "ARU"]
[WhiteFideId "15900053"]
[WhiteEloChange "2"]
[BlackID "10301216"]
[BlackElo "1059"]
[BlackCountry "KUW"]
[BlackFideId "10301216"]
[BlackEloChange "-2"]

1. e4 {[%clk 1:30:53]} e5 {[%clk 1:30:42]} 2. Nf3 {[%clk 1:31:11]} Nc6 {[%clk
1:30:29]} 3. Bb5 {[%clk 1:31:19]} Nd4 {[%clk 1:29:07]} 4. Nxd4 {[%clk 1:30:43]}
exd4 {[%clk 1:29:15]} 5. c3 {[%clk 1:26:35]} Bc5 {[%clk 1:28:13]} 6. d3 {[%clk
1:21:52]} c6 {[%clk 1:26:39]} 7. Ba4 {[%clk 1:21:00]} a6 {[%clk 1:26:46]} 8. O-O
{[%clk 1:16:09]} d6 {[%clk 1:25:09]} 9. cxd4 {[%clk 1:03:35]} Bxd4 {[%clk
1:25:09]} 10. Nc3 {[%clk 0:51:16]} h6 {[%clk 1:21:11]} 11. Be3 {[%clk 0:43:15]}
Bf6 {[%clk 1:19:01]} 12. Bb3 {[%clk 0:36:40]} Be6 {[%clk 1:17:20]} 13. Bxe6
{[%clk 0:36:37]} fxe6 {[%clk 1:17:31]} 14. Qh5+ {[%clk 0:36:25]} Kf8 {[%clk
1:17:27]} 15. f4 {[%clk 0:33:12]} Qe8 {[%clk 1:17:39]} 16. Qf3 {[%clk 0:30:16]}
Ne7 {[%clk 1:16:17]} 17. d4 {[%clk 0:29:32]} b5 {[%clk 1:16:23]} 18. e5 {[%clk
0:27:19]} dxe5 {[%clk 1:16:33]} 19. fxe5 {[%clk 0:27:12]} b4 {[%clk 1:16:18]} 20.
exf6 {[%clk 0:25:50]} Ng6 {[%clk 1:15:39]} 21. fxg7+ {[%clk 0:24:52]} Kxg7 {[%clk
1:15:45]} 22. Ne4 {[%clk 0:21:25]} Ra7 {[%clk 1:15:35]} 23. Nf6 {[%clk 0:18:17]}
Qf7 {[%clk 1:15:46]} 24. Nh5+ {[%clk 0:17:27]} Kg8 {[%clk 1:15:38]} 25. Qxc6
{[%clk 0:14:48]} Ne7 {[%clk 1:15:14]} 26. Nf6+ {[%clk 0:10:46]} Kf8 {[%clk
1:14:41]} 27. Qf3 {[%clk 0:07:40]} a5 {[%clk 1:14:25]} 28. Nd7+ {[%clk 0:07:39]}
Ke8 {[%clk 1:14:42]} 29. Qxf7+ {[%clk 0:07:59]} Kd8 {[%clk 1:14:47]} 30. Qxe6
{[%clk 0:08:00]} Rxd7 {[%clk 1:15:02]} 31. Bxh6 {[%clk 0:05:04]} Nc8 {[%clk
1:13:34]} 32. Qf6+ {[%clk 0:05:02]} Kc7 {[%clk 1:13:50]} 33. Qxh8 {[%clk
0:05:23]} Nb6 {[%clk 1:13:23]} 34. Rac1+ {[%clk 0:05:36]} Kb7 {[%clk 1:13:40]}
35. Rf8 {[%clk 0:04:15]} a4 {[%clk 1:13:56]} 36. Rb8+ {[%clk 0:04:14]} Ka7 {[%clk
1:14:04]} 37. Rxb6 {[%clk 0:03:26]} Kxb6 {[%clk 1:14:22]} 38. Qf6+ {[%clk
0:03:33]} Kb5 {[%clk 1:13:48]} 39. Rc5# {[%clk 0:03:19]} 1-0

[Event "Women's Baku Chess Olympiad"]
[Site "chess24.com"]
[Date "2016.09.10"]
[Round "8"]
[White "Baqer, Fatemah Alzahraa"]
[Black "Jacobs, Annelaine"]
[Result "0-1"]
[Board "3"]
[WhiteID "10301291"]
[WhiteElo "1204"]
[WhiteCountry "KUW"]
[WhiteFideId "10301291"]
[WhiteEloChange "-2"]
[BlackID "15900177"]
[BlackElo "1679"]
[BlackTitle "WCM"]
[BlackCountry "ARU"]
[BlackFideId "15900177"]
[BlackEloChange "2"]

1. e4 {[%clk 1:30:55]} d6 {[%clk 1:29:59]} 2. d4 {[%clk 1:30:59]} Nf6 {[%clk
1:30:24]} 3. Nc3 {[%clk 1:31:14]} g6 {[%clk 1:30:49]} 4. Nf3 {[%clk 1:31:04]} Bg7
{[%clk 1:31:12]} 5. Bc4 {[%clk 1:31:27]} O-O {[%clk 1:28:48]} 6. O-O {[%clk
1:31:29]} Nc6 {[%clk 1:25:30]} 7. Be3 {[%clk 1:28:06]} Ng4 {[%clk 1:25:19]} 8. h3
{[%clk 1:17:02]} Nxe3 {[%clk 1:25:00]} 9. fxe3 {[%clk 1:17:15]} Na5 {[%clk
1:14:48]} 10. Bb3 {[%clk 1:12:09]} Nxb3 {[%clk 1:14:59]} 11. axb3 {[%clk
1:12:32]} e5 {[%clk 1:07:32]} 12. d5 {[%clk 1:03:34]} f5 {[%clk 1:04:36]} 13. Nd2
{[%clk 0:54:47]} Bh6 {[%clk 1:00:09]} 14. exf5 {[%clk 0:49:45]} Bxe3+ {[%clk
1:00:03]} 15. Kh1 {[%clk 0:49:16]} Bxf5 {[%clk 0:57:41]} 16. g4 {[%clk 0:40:04]}
Bd7 {[%clk 0:51:09]} 17. Nde4 {[%clk 0:36:17]} Qh4 {[%clk 0:49:16]} 18. Kg2
{[%clk 0:31:37]} Bf4 {[%clk 0:29:32]} 19. Qe2 {[%clk 0:26:06]} h5 {[%clk
0:19:30]} 20. Rh1 {[%clk 0:22:52]} hxg4 {[%clk 0:17:15]} 21. hxg4 {[%clk
0:22:34]} Qxg4+ {[%clk 0:16:23]} 22. Qxg4 {[%clk 0:22:41]} Bxg4 {[%clk 0:16:41]}
23. Rh4 {[%clk 0:22:02]} Bh5 {[%clk 0:16:06]} 24. Nb5 {[%clk 0:18:55]} Be3 {[%clk
0:14:26]} 25. Nxc7 {[%clk 0:16:22]} Rac8 {[%clk 0:13:25]} 26. Ne6 {[%clk
0:16:10]} Rxc2+ {[%clk 0:12:51]} 27. Kh3 {[%clk 0:15:42]} Rf3+ {[%clk 0:12:23]}
28. Ng3 {[%clk 0:15:22]} Bf2 {[%clk 0:12:20]} 29. Ng5 {[%clk 0:14:37]} Rxg3+
{[%clk 0:12:34]} 30. Kh2 {[%clk 0:14:36]} Rxg5 {[%clk 0:12:15]} 31. Rh3 {[%clk
0:13:20]} Bg1+ {[%clk 0:11:36]} 32. Kh1 {[%clk 0:13:28]} Bf3+ {[%clk 0:11:55]}
33. Rxf3 {[%clk 0:13:30]} Rh2# {[%clk 0:12:18]} 0-1

[Event "Women's Baku Chess Olympiad"]
[Site "chess24.com"]
[Date "2016.09.10"]
[Round "8"]
[White "Nosimilo Mkhonto"]
[Black "Sukhu, Gloria"]
[Result "0-1"]
[Board "1"]
[WhiteID "20700130"]
[WhiteElo "1392"]
[WhiteCountry "SWZ"]
[WhiteFideId "20700130"]
[WhiteEloChange "-8"]
[BlackID "11400099"]
[BlackElo "1476"]
[BlackTitle "WCM"]
[BlackCountry "FIJ"]
[BlackFideId "11400099"]
[BlackEloChange "8"]

1. d4 {[%clk 1:30:56]} e6 {[%clk 1:30:22]} 2. Bf4 {[%clk 1:31:17]} d5 {[%clk
1:30:37]} 3. e3 {[%clk 1:31:38]} Nf6 {[%clk 1:30:40]} 4. h3 {[%clk 1:31:57]} Bd6
{[%clk 1:29:52]} 5. Bxd6 {[%clk 1:32:10]} Qxd6 {[%clk 1:30:12]} 6. Nf3 {[%clk
1:31:30]} c5 {[%clk 1:30:17]} 7. c3 {[%clk 1:31:49]} Nbd7 {[%clk 1:29:35]} 8. Bd3
{[%clk 1:32:07]} a6 {[%clk 1:29:35]} 9. Nbd2 {[%clk 1:32:17]} b5 {[%clk 1:28:51]}
10. O-O {[%clk 1:31:08]} Bb7 {[%clk 1:29:13]} 11. Nh2 {[%clk 1:28:57]} Ne4 {[%clk
1:29:21]} 12. f4 {[%clk 1:28:15]} f5 {[%clk 1:28:54]} 13. Qh5+ {[%clk 1:28:02]}
g6 {[%clk 1:29:15]} 14. Qd1 {[%clk 1:26:47]} Rc8 {[%clk 1:29:14]} 15. Nhf3 {[%clk
1:25:37]} h6 {[%clk 1:27:51]} 16. Nh4 {[%clk 1:24:50]} Rg8 {[%clk 1:27:51]} 17.
Ndf3 {[%clk 1:21:26]} Qe7 {[%clk 1:26:57]} 18. Ne5 {[%clk 1:20:32]} Nxe5 {[%clk
1:27:14]} 19. fxe5 {[%clk 1:20:44]} Qxh4 {[%clk 1:27:37]} 20. Rf4 {[%clk
1:19:53]} Qg3 {[%clk 1:26:35]} 21. Qe2 {[%clk 1:18:13]} Ng5 {[%clk 1:26:15]} 22.
Bxb5+ {[%clk 1:17:04]} axb5 {[%clk 1:26:34]} 23. Qxb5+ {[%clk 1:17:15]} Bc6
{[%clk 1:26:45]} 24. Qe2 {[%clk 1:11:51]} Nxh3+ {[%clk 1:27:07]} 25. Kf1 {[%clk
1:12:11]} Nxf4 {[%clk 1:27:20]} 26. exf4 {[%clk 1:12:21]} Qxf4+ {[%clk 1:27:42]}
27. Kg1 {[%clk 1:11:29]} cxd4 {[%clk 1:27:58]} 28. Rf1 {[%clk 1:11:18]} Qe3+
{[%clk 1:28:18]} 29. Qxe3 {[%clk 1:10:31]} dxe3 {[%clk 1:28:39]} 30. Re1 {[%clk
1:10:56]} f4 {[%clk 1:28:51]} 31. Kf1 {[%clk 1:10:22]} Bb5+ {[%clk 1:29:09]} 32.
Kg1 {[%clk 1:10:36]} Rc4 {[%clk 1:29:27]} 33. Kh2 {[%clk 1:09:44]} Re4 {[%clk
1:29:50]} 34. Kh3 {[%clk 1:09:52]} Rxe5 {[%clk 1:30:13]} 35. b3 {[%clk 1:10:03]}
Bd3 {[%clk 1:30:35]} 36. Rd1 {[%clk 1:10:15]} Be4 {[%clk 1:30:55]} 37. Rd4 {[%clk
1:10:40]} Rh5+ {[%clk 1:31:09]} 0-1

[Event "Women's Baku Chess Olympiad"]
[Site "chess24.com"]
[Date "2016.09.10"]
[Round "8"]
[White "Thobile Mthethwa"]
[Black "Terubea, Cydel"]
[Result "0-1"]
[Board "3"]
[WhiteID "20700164"]
[WhiteElo "1392"]
[WhiteCountry "SWZ"]
[WhiteFideId "20700164"]
[WhiteEloChange "-11"]
[BlackID "11400455"]
[BlackElo "1363"]
[BlackCountry "FIJ"]
[BlackFideId "11400455"]
[BlackEloChange "11"]

1. d4 {[%clk 1:30:57]} d5 {[%clk 1:30:54]} 2. Bf4 {[%clk 1:31:19]} c6 {[%clk
1:31:07]} 3. e3 {[%clk 1:31:21]} Nf6 {[%clk 1:30:49]} 4. Bd3 {[%clk 1:31:09]} g6
{[%clk 1:29:44]} 5. Nf3 {[%clk 1:30:29]} Nh5 {[%clk 1:27:15]} 6. Bg5 {[%clk
1:25:29]} f6 {[%clk 1:27:12]} 7. Bh4 {[%clk 1:25:39]} Ng7 {[%clk 1:26:17]} 8.
Nbd2 {[%clk 1:24:14]} Nf5 {[%clk 1:22:26]} 9. O-O {[%clk 1:22:53]} Qd7 {[%clk
1:19:33]} 10. c3 {[%clk 1:21:20]} Nxh4 {[%clk 1:19:04]} 11. Nxh4 {[%clk 1:20:57]}
Qg4 {[%clk 1:14:47]} 12. Ndf3 {[%clk 1:15:24]} Qd7 {[%clk 1:08:07]} 13. Nd2
{[%clk 1:13:07]} Bg7 {[%clk 1:07:19]} 14. h3 {[%clk 1:09:26]} Na6 {[%clk
1:03:26]} 15. Re1 {[%clk 1:09:20]} f5 {[%clk 1:01:37]} 16. c4 {[%clk 1:04:22]} e6
{[%clk 0:59:07]} 17. a3 {[%clk 1:03:12]} Qd8 {[%clk 0:57:49]} 18. cxd5 {[%clk
1:02:37]} Qxh4 {[%clk 0:57:35]} 19. dxe6 {[%clk 1:00:08]} Bxe6 {[%clk 0:56:26]}
20. Nf3 {[%clk 0:57:38]} Qd8 {[%clk 0:54:42]} 21. Rc1 {[%clk 0:49:32]} Nc7 {[%clk
0:51:45]} 22. e4 {[%clk 0:48:41]} O-O {[%clk 0:51:40]} 23. exf5 {[%clk 0:44:56]}
Bxf5 {[%clk 0:51:33]} 24. Bc4+ {[%clk 0:44:54]} Kh8 {[%clk 0:49:32]} 25. Ne5
{[%clk 0:37:13]} Qf6 {[%clk 0:43:33]} 26. f4 {[%clk 0:31:05]} Rad8 {[%clk
0:35:35]} 27. Qe2 {[%clk 0:24:59]} Be6 {[%clk 0:33:46]} 28. Bxe6 {[%clk 0:16:53]}
Nxe6 {[%clk 0:33:50]} 29. Qf2 {[%clk 0:15:13]} Qxf4 {[%clk 0:33:11]} 30. Rc2
{[%clk 0:08:05]} Qxf2+ {[%clk 0:31:54]} 31. Rxf2 {[%clk 0:07:59]} Rxf2 {[%clk
0:32:00]} 32. Kxf2 {[%clk 0:07:53]} Rf8+ {[%clk 0:31:56]} 33. Ke3 {[%clk
0:07:08]} Bh6+ {[%clk 0:31:55]} 34. Kd3 {[%clk 0:07:15]} Nf4+ {[%clk 0:32:01]}
35. Ke4 {[%clk 0:05:27]} Nxg2 {[%clk 0:30:38]} 36. Nxg6+ {[%clk 0:02:27]} hxg6
{[%clk 0:30:47]} 37. Re2 {[%clk 0:01:29]} Re8+ {[%clk 0:30:47]} 38. Kd3 {[%clk
0:01:36]} Nf4+ {[%clk 0:31:06]} 39. Kc2 {[%clk 0:31:50]} Rxe2+ {[%clk 1:01:59]}
40. Kb3 {[%clk 0:30:45]} Nxh3 {[%clk 1:02:08]} 0-1